Music Quiz

Random Music or Lyrics Quiz

Backstreet Boys Song By First Verse Line Quiz Stats

 Plays Quiz not verified by Sporcle

Challenge
Share
Tweet
Embed
Score 0/59 Timer 15:00
0 Plays Today
% Correct
I Want It That Way
86%
Everybody (Backstreet's Back)
84.5%
The Call
83.8%
Larger Than Life
81.2%
Quit Playin' Games (With My Heart)
80.3%
Madeleine
80.2%
As Long As You Love Me
77.6%
Incomplete
72.6%
Show Me The Meaning Of Being Lonely
72%
In A World Like This
69.4%
All I Have To Give
66.8%
Don't Want You Back
66.2%
Shape Of My Heart
64.9%
I'll Never Break Your Heart
62.5%
If You Want It to Be Good Girl (Get Yourself A Bad Boy)
62%
Drowning
61.2%
Get Down (You're The One For Me)
61.1%
I Still...
60%
More Than That
59.5%
Get Another Boyfriend
59.2%
The One
58.9%
Poster Girl
57.7%
We've Got It Goin' On
55.8%
Inconsolable
55.1%
Just Want You To Know
54.8%
Soldier
53.3%
Anywhere For You
53.1%
The Perfect Fan
52.3%
Show 'Em (What You're Made Of)
51.6%
Masquerade
50.7%
% Correct
Everyone
49.9%
Straight Through My Heart
49.7%
Bigger
49.5%
The Answer To Our Life
48.5%
Helpless When She Smiles
48.3%
Don't Wanna Lose You Now
48%
What Makes You Different (Makes You Beautiful)
47%
Don't Turn Out The Lights
46%
I Need You Tonight
45%
Crawling Back To You
44.9%
Spanish Eyes
44.5%
Back To Your Heart
44.2%
PDA
43.1%
Hey, Mr. DJ (Keep Playin' This Song)
41.7%
Set Adrift On Memory Bliss
41.7%
Unsuspecting Sunday Afternoon
39.7%
No One Else Comes Close
39.3%
That's The Way I Like It
39.1%
Trust Me
38.8%
It's Gotta Be You
38.3%
Safest Place To Hide
36.6%
Darlin'
32.9%
Let's Have A Party
32.7%
Climbing The Walls
32.5%
Shining Star
32.4%
Last Night You Saved My Life
31.6%
Make Believe
31.2%
My Beautiful Woman
30.8%
Helpless
24.8%

You're not logged in!

Compare scores with friends on all Sporcle quizzes.
OR
Log In

You Might Also Like...

Show Comments

Extras

Top Quizzes Today


Score Distribution

Your Account Isn't Verified!

In order to create a playlist on Sporcle, you need to verify the email address you used during registration. Go to your Sporcle Settings to finish the process.

Report this User

Report this user for behavior that violates our Community Guidelines.

Details: